000 00387nam a22001457a 4500
005 20170601110118.0
008 170601b xxu||||| |||| 00| 0 eng d
040 _cPK-LaUMT
082 _aZIAC 297
_bAHM-M
100 _aAhmad Muhammad Jamal
245 _aMuftariat Alal Islam/
_cAhmad Muhammad Jamal
260 _aبیروت:
_bدارالفکر،
_c1972
300 _a339 ص
942 _cBK
999 _c94218
_d94218